Top 10 Presenze Coppe Europee - Statistics

Statistiche generali
  • Questo quiz è stato fatto 28 volte
  • Il punteggio medio è 8 su 10
Statistiche sulle risposte
Nazione Totale presenze Presenze per competizione Squadre (presenze) Calciatore % Corretto
Portogallo 197 187 UEFA Champions League; 8 Coppa UEFA / UEFA Europa League; 2 Supercoppa UEFA Sporting Lisbona (3)
Manchester Utd (68)
Real Madrid (103)
Juventus (23)
Cristiano Ronaldo
100%
Argentina 167 163 UEFA Champions League; 4 Supercoppa UEFA Barcellona (153) Paris Saint-Germain (14) Lionel Messi
95%
Italia 174 140 UEFA Champions League; 22 Coppa UEFA; 7 Supercoppa UEFA; 5 Coppa Intercontinentale Milan (174) Paolo Maldini
95%
Italia 167 132 UEFA Champions League; 32 Coppa UEFA / UEFA Europa League Parma (36)
Juventus (126)
Paris Saint-Germain (5)
Gianluigi Buffon
86%
Spagna 188 181 UEFA Champions League; 2 UEFA Europa League; 3 Supercoppa UEFA; 2 Coppa Intercontinentale Real Madrid (157) Porto (31) Iker Casillas
82%
Spagna 173 157 UEFA Champions League; 13 Coppa UEFA, 3 Supercoppa UEFA Barcellona (173) Xavi
73%
Paesi Bassi 163 131 UEFA Champions League; 25 Coppa UEFA; 2 Coppa delle Coppe; 3 Supercoppa UEFA; 2 Coppa Intercontinentale Ajax (16)
Real Madrid (27)
Inter (17)
Milan (103)
Clarence Seedorf
59%
Spagna 161 144 UEFA Champions League; 11 UEFA Europa League; 3 Supercoppa UEFA; 3 Coppa Intercontinentale Real Madrid (138) Schalke 04 (23) Raul
59%
Argentina 160 105 UEFA Champions League; 54 Coppa UEFA / UEFA Europa League; 1 Supercoppa UEFA Inter (160) Javier Zanetti
55%
Spagna 188 88 UEFA Champions League; 81 Coppa UEFA / UEFA Europa League; 5 UEFA Conference League, 1 Supercoppa UEFA; 15 Coppa Intertoto UEFA Barcellona (11)
Villarreal (50)
Liverpool (84)
Napoli (32)
Milan (6)
Lazio (7)
Pepe Reina
55%
Nessun quiz corrispondente trovato
Distribuzione punteggi
Percentuale di utenti per punteggio
Percentile per numero di risposta
I tuoi punteggi nel tempo
Non hai fatto questo quiz